| 000 | 01038nam a2200229Ia 4500 | ||
|---|---|---|---|
| 001 | L235-7604 | ||
| 003 | IT-CnALBA | ||
| 008 | 170116s9999||||xx |||||||||||||| ||und|| | ||
| 040 |
_aIT-CnALBA _cIT-CnALBA |
||
| 041 | _aITALIANO | ||
| 100 | _aCAMPANA EMILIO, SAC. | ||
| 245 | 0 | _aIL CULTO LITURGICO ALLA DIVINA MATERNITÀ DI MARIA. CONCILIO DI EFESO 431. | |
| 250 | _a1a ed. | ||
| 260 |
_a FINALPIA _bRIVISTA LITURGICA _c1931 [1° Ed.:1931 - Ed.Ling.Originale: 1931] |
||
| 300 | _a20 p. | ||
| 500 | _aESTRATTO DELLA RIVISTA LITURGICA DEI BENEDETTINI DI FINALPIA SAVONA. DIVINA MATERNITÀ EFESO 431. LITURGIA LATINA E GRECA. BREVIARIO. FESTIVITA'. PAPI. | ||
| 501 | _aSocietà San Paolo EM - Piazza San Paolo, 14 - 12051 ALBA (CN) (non commercial uses only) ® Copyright 2017 | ||
| 520 | _aESTRATTO DELLA RIVISTA LITURGICA DEI BENEDETTINI DI FINALPIA SAVONA. DIVINA MATERNITÀ EFESO 431. LITURGIA LATINA E GRECA. BREVIARIO. FESTIVITA'. PAPI. | ||
| 650 | _aMARIA SS. ANGELI SANTI DEMONI | ||
| 942 | _cBK | ||
| 957 | _71 | ||
| 999 |
_a8580 _bSI _g Copie: 1 _c266786 _d266786 |
||